000 00575nam a2200181Ia 4500
001 7672
005 20260306160512.0
008 260306t2013||||xx |||||||||||||| ||spa||
041 _aESP
082 _a353.88284
_bS747A
100 _aSistema Nacional de Evaluación, Acreditación y Certificación de la Calidad Educativa
_eAUT
245 0 _aEstándares y criterios de evaluación y acreditación de las instituciones superiores de formación docente
260 _c2013
300 _a98 páginas :
_c29 cm.
650 _aGEN
654 _aCAN
942 _cLIB
_dJUS
_fJUS
_2ddc
_n
999 _c7672
_d7672